| 000 | 01689nam0a2200337 4500 | ||
|---|---|---|---|
| 001 | RU\NLR\BIBL_A\010014297 | ||
| 005 | 20250613195850.0 | ||
| 010 |
_a978-5-8424-0537-4 _950 |
||
| 021 |
_aRU _b2013-88524 _96126 |
||
| 035 | _a(NILC)RuMoRGB-006693079 | ||
| 035 | _a(NLR Aleph) 010014297 | ||
| 090 |
_a9869135 _c9869135 |
||
| 100 | _a20131213d2010 |||y0rusy50 ca | ||
| 101 | 0 | _arus | |
| 102 | _aRU | ||
| 105 | _ay|||j|||000yy | ||
| 200 | 1 |
_aTeaching as a career _eучебно-методическое пособие _fТ. Б. Серебровская _gМ-во образования и науки Рос. Федерации, Федерал. агентство по образованию, Орский гуманитарно-технологический ин-т (филиал) Гос. образоват. учреждения высш. проф. образования "Оренбургский гос. ун-т" |
|
| 210 |
_aОрск, Оренбургская обл. _cИзд-во Орского гуманитарно-технологического института _d2010 |
||
| 215 |
_a95 с. _d21 |
||
| 320 | _aБиблиогр.: с. 85 (14 назв.) | ||
| 606 | 1 |
_aАнглийский язык _xУчебные издания для педагогов _92413027 _3RU\NLR\AUTH\661437574 |
|
| 675 | _a811.111(075.8) | ||
| 686 | 1 | _aШ143.21-93рус329.51 | |
| 700 | 1 |
_aСеребровская _bТ. Б. _gТамара Борисовна |
|
| 801 | 0 |
_aRU _bRuMoRKP _c20131031 _gRCR |
|
| 801 | 2 |
_aRU _bРГБ _c20131111 |
|
| 801 | 1 |
_aRU _bRuMoRKP _c20131031 _2rusmarc |
|
| 942 | _cBOOK | ||
| 980 | _aNB | ||